000 01146cam a2200313 a 4500
001 12127
003 BD-RjUL
005 20211208235235.0
008 140128s1993 nyuab b 001 0 eng
020 _a0070492581 :
035 _a(BD-RjUL)12176
040 _aDLC
_cDLC
_dDLC
_dBD-RjUL
_beng
041 _aeng
082 0 0 _a576
_220
_bPEM 1993
100 1 _aPelczar, Michael J.
_q(Michael Joseph),
_d1916-
_937558
245 1 0 _aMicrobiology :
_bConcepts and applications /
_cMichael J. Pelczar, E.C.S. Chan, Noel R. Krieg ; Diane D. Edwards, science writer ; Merna F. Pelczar, contributor.
250 _a1st ed. , International ed.
260 _aNew York :
_bMcGraw-Hill,
_cc1993.
300 _axxiv, 896, [71] p. :
_bill. ;
_c29 cm.
504 _aIncludes bibliographical references and index.
650 0 _aMicrobiology.
_937402
700 1 _aChan, E. C. S.
_q(Eddie Chin Sun), jt. auth.
_9234882
700 1 _aKrieg, Noel R. , jt. auth.
_9234883
700 1 _aEdwards, Diane D. , science writer
_9234884
700 1 _aPelczar, Merna F. , contributor.
_9234885
942 _2ddc
_cBK
999 _c12127
_d12127